000 00413nam a2200181Ia 4500
001 11141
005 20260306161924.0
008 260306t1997||||xx |||||||||||||| ||spa||
041 _aESP
082 _a985.0091
_bL53
100 _aLeuridan Huys, Johan
_eAUT
245 0 _aJosé de Acosta
260 _c1997
300 _a123 páginas :
_ccm.
650 _aGEN
654 _aCHU
942 _cLIB
_dJUS
_fJUS
_2ddc
_n
999 _c11141
_d11141